[Event "World ol U16"]
[Site "Ahmedabad"]
[Date "2017.12.18"]
[Round "9.4"]
[White "Koo, Wei Wei Melanie"]
[Black "Sargsyan, Anna M"]
[Result "0-1"]
[WhiteElo "1801"]
[BlackElo "2160"]
[PlyCount "56"]
[EventDate "2017.12.11"]
[EventType "team-swiss"]
[EventRounds "9"]
[EventCountry "IND"]
[SourceTitle "CBM 182 Extra"]
[Source "ChessBase"]
[SourceDate "2018.02.23"]
[SourceVersion "1"]
[SourceVersionDate "2018.02.23"]
[SourceQuality "1"]
[WhiteTeam "Malaysia"]
[BlackTeam "Armenia"]
[WhiteTeamCountry "MAS"]
[BlackTeamCountry "ARM"]

1. d4 d5 2. Nf3 Nf6 3. e3 Bf5 4. c4 c6 5. Nc3 e6 6. Be2 Nbd7 7. 0-0 Bd6 8. Qb3 Qb8 9. h3 g5 10. cxd5 exd5 11. Nxg5 h6 12. e4 hxg5 13. exf5 Bh2+ 14. Kh1 g4 15. Re1 Kf8 16. Nd1 Qc7 17. g3 Rxh3 18. Kg2 Bxg3 19. Bxg4 Rh2+ 20. Kg1 Bd6 21. Bf3 Kg7 22. Ne3 Bg3 23. Bg2 Rah8 24. Nxd5 Rxg2+ 25. Kxg2 Rh2+ 26. Kg1 Bxf2+ 27. Kf1 cxd5 28. Rd1 Ne4 0-1

[Event "Shah Alam Challenger"]
[Site "Shah Alam"]
[Date "2016.01.23"]
[Round "1"]
[White "Syabani, Muhammad Naqib"]
[Black "Koo, Wei Wei Melanie"]
[Result "0-1"]
[WhiteElo "1306"]
[BlackElo "1568"]
[PlyCount "110"]
[EventDate "2016.01.23"]
[EventType "swiss"]
[EventRounds "9"]
[EventCountry "MAS"]
[SourceTitle "EXT 2017"]
[Source "ChessBase"]
[SourceDate "2016.10.25"]
[SourceVersion "1"]
[SourceVersionDate "2016.10.25"]
[SourceQuality "1"]

1. e4 g6 2. d4 Bg7 3. c4 c5 4. d5 d6 5. Nf3 Nf6 6. Nc3 Na6 7. Be2 Nc7 8. 0-0 0-0 9. Be3 Bd7 10. Qd2 Ng4 11. h3 Nxe3 12. fxe3 a6 13. a4 b6 14. Rf2 Rb8 15. Raf1 Bf6 16. Nh2 b5 17. axb5 axb5 18. cxb5 Nxb5 19. Nxb5 Bxb5 20. Ng4 Bg7 21. Bxb5 Rxb5 22. Qd1 Qb6 23. Qb1 h5 24. Nh2 Rxb2 25. Rxb2 Qxb2 26. Qxb2 Bxb2 27. Rb1 Bf6 28. g4 hxg4 29. Nxg4 Kg7 30. Kf2 Rc8 31. Rc1 c4 32. Ke2 Bb2 33. Rc2 c3 34. Nf2 Kf6 35. Nd3 Rh8 36. Nxb2 cxb2 37. Rxb2 Rxh3 38. Kd3 Ke5 39. Rb7 Kf6 40. Kd4 g5 41. Rb6 Kg7 42. e5 dxe5+ 43. Kxe5 f6+ 44. Ke4 Rh4+ 45. Kd3 f5 46. Rb7 Kf6 47. Rb6+ Ke5 48. Re6+ Kxd5 49. Rxe7 Re4 50. Rxe4 fxe4+ 51. Ke2 Kc4 52. Kf2 Kd3 53. Kg3 Kxe3 54. Kg4 Kf2 55. Kxg5 e3 0-1

[Event "Penang op-B 7th"]
[Site "Penang"]
[Date "2015.12.09"]
[Round "5"]
[White "Singh, Eshwant"]
[Black "Koo, Wei Wei Melanie"]
[Result "1/2-1/2"]
[WhiteElo "1750"]
[BlackElo "1532"]
[PlyCount "79"]
[EventDate "2015.12.07"]
[EventType "swiss"]
[EventRounds "9"]
[EventCountry "MAS"]
[SourceTitle "CBM 170 Extra"]
[Source "ChessBase"]
[SourceDate "2016.02.25"]
[SourceVersion "1"]
[SourceVersionDate "2016.02.25"]
[SourceQuality "1"]

1. e4 g6 2. d4 Bg7 3. Nc3 c5 4. Be3 cxd4 5. Bxd4 Nf6 6. e5 Nh5 7. Qd2 f6 8. exf6 Nxf6 9. 0-0-0 Nc6 10. Nf3 Nxd4 11. Nxd4 Qa5 12. Bc4 e6 13. Rhe1 0-0 14. Kb1 Ng4 15. f3 Bh6 16. Qe2 Ne3 17. Nb3 Qc7 18. Rd4 Qxh2 19. g4 Qxe2 20. Bxe2 Ng2 21. Rg1 Be3 22. Rxg2 Bxd4 23. Nxd4 a6 24. Na4 b5 25. Nb6 Rb8 26. Nxc8 Rfxc8 27. f4 Rf8 28. f5 e5 29. Nf3 d6 30. c4 Kg7 31. Ng5 Kg8 32. Ne6 Rf7 33. Bf3 gxf5 34. gxf5+ Kh8 35. cxb5 axb5 36. Ng5 Rf6 37. Rh2 h6 38. Bd5 Rxf5 39. Nf7+ Kg8 40. Nxd6+ 1/2-1/2

[Event "MAS-ch (Women)"]
[Site "Kuala Lumpur"]
[Date "2015.06.01"]
[Round "5"]
[White "Narayanan, Renitha"]
[Black "Koo, Wei Wei Melanie"]
[Result "1-0"]
[WhiteElo "1808"]
[BlackElo "1577"]
[PlyCount "121"]
[EventDate "2015.05.30"]
[EventType "tourn"]
[EventRounds "9"]
[EventCountry "MAS"]
[SourceTitle "CBM 166 Extra"]
[Source "ChessBase"]
[SourceDate "2015.06.18"]
[SourceVersion "1"]
[SourceVersionDate "2015.06.18"]
[SourceQuality "1"]

1. d4 d5 2. c4 c6 3. cxd5 cxd5 4. Nc3 Nf6 5. Bf4 a6 6. e3 Nc6 7. Bd3 e6 8. Nf3 Bd6 9. Bxd6 Qxd6 10. Rc1 0-0 11. 0-0 e5 12. dxe5 Nxe5 13. Be2 Bd7 14. Qd2 Bc6 15. Rfd1 Rad8 16. Qd4 Rfe8 17. Rd2 h6 18. Rcd1 Nxf3+ 19. Bxf3 Qe6 20. h3 Rd7 21. Qf4 Red8 22. Rd4 Kh7 23. Be2 Kg8 24. Bf3 Kf8 25. Be2 Ke7 26. Bd3 Qd6 27. Qh4 Qe5 28. Bc2 Kf8 29. R4d2 Qg5 30. Qb4+ Kg8 31. Rd4 Qe5 32. Bb3 Qf5 33. Ba4 Bxa4 34. Qxa4 Qe6 35. Qb3 Qc6 36. Qa4 Qxa4 37. Nxa4 Rc7 38. e4 Rcd7 39. exd5 Rxd5 40. Rxd5 Rxd5 41. Rxd5 Nxd5 42. Nc5 Nb6 43. Nxb7 Na4 44. b3 Nc3 45. a4 Nd5 46. Kf1 Kf8 47. Ke2 Ke7 48. g3 Nc7 49. Kd3 Kd7 50. Kc4 Ne6 51. Nc5+ Kc6 52. Nxe6 fxe6 53. f4 g5 54. b4 gxf4 55. gxf4 Kd6 56. Kd4 h5 57. h4 Kc6 58. Ke5 Kd7 59. b5 axb5 60. axb5 Kc7 61. Kxe6 1-0

[Event "MAS-ch (Women)"]
[Site "Kuala Lumpur"]
[Date "2015.05.30"]
[Round "2"]
[White "Koo, Wei Wei Melanie"]
[Black "Azman Hisham, Nur Najiha"]
[Result "0-1"]
[WhiteElo "1577"]
[BlackElo "1957"]
[PlyCount "54"]
[EventDate "2015.05.30"]
[EventType "tourn"]
[EventRounds "9"]
[EventCountry "MAS"]
[SourceTitle "CBM 166 Extra"]
[Source "ChessBase"]
[SourceDate "2015.06.18"]
[SourceVersion "1"]
[SourceVersionDate "2015.06.18"]
[SourceQuality "1"]

1. d4 Nf6 2. Nf3 e6 3. c4 b6 4. g3 Bb7 5. Bg2 c5 6. 0-0 cxd4 7. Nxd4 Bxg2 8. Kxg2 Qc7 9. b3 Bc5 10. Nc3 Qb7+ 11. Kg1 h5 12. Ndb5 Na6 13. Nd6+ Bxd6 14. Qxd6 Rc8 15. Bg5 Nc5 16. Qd4 Ke7 17. e4 d6 18. e5 dxe5 19. Qxe5 Ncd7 20. Qe2 Rc5 21. Nd5+ Ke8 22. Bxf6 gxf6 23. h4 Kf8 24. b4 Rc8 25. Nf4 Ne5 26. Rfc1 Nf3+ 27. Kf1 Nd4 0-1